Guess the song NO HINTS #2 - Statistics

General Stats
  • This quiz has been taken 4 times
  • The average score is 196 of 424
Answer Stats
Answer % Correct
a
100%
am
100%
and
100%
And
100%
can't
100%
do
100%
I
100%
love
100%
No,
100%
no
100%
not
100%
the
100%
when
100%
you
100%
You
100%
are
75%
have
75%
have,
75%
Have
75%
if
75%
in
75%
it
75%
like
75%
me
75%
my
75%
My
75%
on
75%
she
75%
to
75%
your
75%
but
50%
But
50%
could
50%
face
50%
for
50%
from
50%
had
50%
heart
50%
night
50%
of
50%
Oh,
50%
once
50%
one
50%
out
50%
that
50%
That
50%
this
50%
thought
50%
was
50%
way
50%
you're
50%
all
25%
As
25%
as
25%
back
25%
between
25%
call
25%
'Cause
25%
'cause
25%
come
25%
did
25%
does
25%
forever,
25%
hope
25%
I'll
25%
I'm
25%
it's
25%
just
25%
laugh
25%
must
25%
Now
25%
now
25%
off
25%
our
25%
play
25%
saw
25%
see
25%
shoes
25%
So
25%
some
25%
than
25%
there's
25%
through
25%
told
25%
alcohol
0%
anger
0%
bad
0%
blame
0%
called
0%
cancel
0%
change
0%
Christmas
0%
combined
0%
Covid
0%
dad
0%
darkness
0%
Doc
0%
doubt
0%
dream
0%
drink
0%
drive
0%
drivin'
0%
each
0%
even
0%
exactly
0%
existed
0%
exit
0%
fault,
0%
forgot
0%
friends
0%
funny,
0%
future
0%
good
0%
half
0%
half,
0%
halfway
0%
home
0%
inherited
0%
kept
0%
left
0%
longer
0%
lose
0%
memories
0%
might
0%
miles
0%
miss
0%
mom,
0%
more
0%
other
0%
pain's
0%
pair
0%
passed
0%
passin'
0%
piled
0%
planes
0%
promised
0%
rains
0%
replace
0%
right
0%
season
0%
sign
0%
smokin'
0%
somethin'
0%
split
0%
sticks
0%
still
0%
straight
0%
stuck
0%
terrified
0%
that'll
0%
'til
0%
tire
0%
tracks
0%
trailed
0%
travel,
0%
Vermont,
0%
version
0%
victim
0%
voice
0%
weather
0%
weed
0%
yourself
0%
No matching quizzes found
Score Distribution
Percent of People with Each Score
Percentile by Number Answered
Your Score History
You have not taken this quiz